التصوير الايرانى وخصائص المدرسة الصفوية فى ضوء دراسة جديدة لنسخة من مخطوط الشاهنامة / (Record no. 66780)
[ view plain ]
| 000 -الفاتح | |
|---|---|
| حقل البيانات ثابتة الطول | 01126nam a2200241Ia 4500 |
| 005 - وقت وتاريخ اخر تعامل مع التسجيلة | |
| رقم الضبط | 20240530110938.0 |
| 008 - عناصر البيانات ثابتة الطول - معلومات عامة | |
| حقل البيانات ثابتة الطول | 140319s2021 ua dhf f 000 0 ara d |
| 017 ## - رقم الايداع القانونى | |
| رقم الايداع القانونى | 2021/9894 |
| المصدر ( الهيئة المختصة) | مصر. دار الكتب |
| 020 ## - الرقم الدولى المعيارى للكتب | |
| الرقم الدولى المعيارى للكتاب | 9789779840683 |
| 040 ## - مصدر الفهرسة | |
| وكالة الفهرسة الأصلية | GCL / |
| وكالة النسخ | GCL |
| 082 04 - رقم تصنيف ديوى العشرى | |
| رقم الطبعة | 21 |
| رقم التصنيف | 743\ |
| رقم المادة | أ ت |
| 100 0# - المدخل الرئيسى - إسم شخصى | |
| الإسم الشخصى | اسامة البسيونى عبدالله عبدالفتاح |
| 245 12 - بيان العنوان | |
| العنوان | التصوير الايرانى وخصائص المدرسة الصفوية فى ضوء دراسة جديدة لنسخة من مخطوط الشاهنامة / |
| بيان المسئوليه,etc | تاليف اسامة البسيونى عبدالله عبدالفتاح ؛ تقديم ابوالحمد محمود فرغلى |
| 250 ## - بيان الطبعة | |
| بيان الطبعة | ط. 1 |
| 260 ## - PUBLICATION, DISTRIBUTION, ETC. (IMPRINT) | |
| تاريخ النشر أو التوزيع | 2022. |
| 300 ## - الوصف المادى | |
| التعداد | 484 ص. : |
| تفاصيل ماديه اخرى للوعاء | ايض ؛ |
| أبعاد الوعاء | 24 سم. |
| 650 07 - المدخل الاضافى بالموضوع-مصطلح موضوعى | |
| مصطلح موضوعي | المدرسة الصفوية |
| 650 07 - المدخل الاضافى بالموضوع-مصطلح موضوعى | |
| مصطلح موضوعي | الاثار الاسلامية |
| التقسيم الفرعي الجغرافي | ايران |
| 650 07 - المدخل الاضافى بالموضوع-مصطلح موضوعى | |
| مصطلح موضوعي | التصوير |
| 700 0# - المدخل الاضافى - اسم شخصى | |
| الإسم الشخصى | ابوالحمد محمود فرغلى |
| الدور | مقدم |
| 942 ## - عناصر المدخل الإضافي( كوها) | |
| مصدر التصنيف او مخطط الترفيف | Dewey Decimal Classification |
| Koha [default] item type | كتاب |
| 260 ## - PUBLICATION, DISTRIBUTION, ETC. (IMPRINT) | |
| -- | الاسكندرية : |
| -- | دار الوفاء لدنيا الطباعة و النشر، |
| حالة التراجع | حالة الفقد | حالة تلف | ليس للاعارة | المكان المؤقت | الموقع الحالى | موقع الترفيف | تاريخ الاكتساب | اجمالي اﻻعارات | رقم الطلب | الباركود | تاريخ اخر مشاهدة | تاريخ تفعيل السعر | نوع وعاء كوها |
|---|---|---|---|---|---|---|---|---|---|---|---|---|---|
| مكتبة القاهرة الكبرى | مكتبة القاهرة الكبرى | 10/22/2022 | 743\ أ ت | 168670 | 10/22/2022 | 10/22/2022 | كتاب |

